| 000 | 00942cad a22002295a 4500 | ||
|---|---|---|---|
| 001 | E147603 | ||
| 008 | 090528s2005 xxk f 000 0 eng d | ||
| 035 | _a(Sirsi) u147603 | ||
| 041 | 0 | _aeng | |
| 050 | 0 | 4 | _a306.1 $2 18 |
| 110 | 2 |
_aLand Use Consultants _93228 |
|
| 245 | 0 | 0 |
_aNew housing, settlement expansion and the natural heritage _h[electronic resource] |
| 260 |
_aRedgorton _bSNH _c2005 |
||
| 490 | 0 |
_aScottish Natural Heritage Commissioned Report _v(12) F04AA501 |
|
| 520 | _aDiscusses issues around sustainable housing and its impact on natural heritage assets. Offers guidance on working with the planning system to ensure positive outcomes. | ||
| 521 | _aAdvanced | ||
| 590 | _aKA | ||
| 651 | 4 |
_aScotland _y1999- |
|
| 690 | _aPROPERTY-RESIDENTIAL PROPERTY-DOMESTIC RESIDENTIAL PROPERTY-HOUSING | ||
| 856 | 4 | 0 |
_uhttps://www.snh.org.uk/pubs/detail.asp?id=501 _zView the report free of charge at www.snh.org.uk... |
| 942 | _n0 | ||
| 999 |
_c109645 _d109645 |
||